Logo BPK

Biblioteka

Politechniki Koszalińskiej

Przygotowanie do niepewnego / (Rekord nr 44964)

Szczegóły MARC
000 -ETYKIETA REKORDU
podpole kontrolne o stałej długości 01065nam a2200289 i 4500
001 - NUMER KONTROLNY REKORDU
pole kontrolne bg
020 ## - MIĘDZYNARODOWY ZNORMALIZOWANY NUMER KSIĄŻKI - ISBN
ISBN 8372071373
040 ## - ŹRÓDŁO KATALOGOWANIA
Instytucja, która utworzyła rekord BPK
041 1# - KOD JĘZYKA
Kod języka tekstu pol
Kod języka oryginału fre
080 ## - UNIWERSALNA KLASYFIKACJA DZIESIĘTNA - UKD
UKD 378.662:373.62:371.388
920 ## - Międzynarodowy znormalizowany numer książki – ISBN
ISBN 83-7207-137-3
008 - POLE O STAŁEJ DŁUGOŚCI - DANE KONTROLNE
podpole kontrolne o stałej długości s pl f |000 0 pol
100 1# - NAZWA OSOBOWA
Nazwa osobowa GERMINET, Robert
245 10 - TYTUŁ/ODPOWIEDZIALNOŚĆ
Tytuł Przygotowanie do niepewnego /
Pozostałe elementy strefy tytułu i oznaczenia odpowiedzialności Robert Germinet ; z przedmową i posłowiem Georgesa Charpaka i z posł. Leona Ledermana ; tł. Zdzisław Trzaska.
246 ## - WARIANT TYTUŁU
Treść wyrażenia wprowadzającego Tyt. oryg.:
Tytuł L'apprentissage de l'incertain
260 ## - STREFA ADRESU WYDAWNICZEGO
Miejsce wydania Warszawa :
Nazwa wydawcy/dystrybutora Oficyna Wydawnicza Politechniki Warszawskiej,
Data publikacji, dystrybucji/powstania dokumentu 1999.
300 ## - STREFA OPISU FIZYCZNEGO
Objętość 180 s. :
Inne cechy fizyczne il. ;
Rozmiary 21 cm.
500 ## - UWAGI OGÓLNE
Tekst uwagi Tyt. oryg. : "L'apprentissage de l'incertain".
650 #9 - HASŁO PRZEDMIOTOWE W FORMIE NAZWY OGÓLNEJ LUB JEDNOSTKOWEJ
Nazwa ogólna lub geograficzna Eksperyment
650 #9 - HASŁO PRZEDMIOTOWE W FORMIE NAZWY OGÓLNEJ LUB JEDNOSTKOWEJ
Nazwa ogólna lub geograficzna Kształcenie politechniczne
Określnik ogólny szkolnictwo wyższe
-- metody
650 #9 - HASŁO PRZEDMIOTOWE W FORMIE NAZWY OGÓLNEJ LUB JEDNOSTKOWEJ
Nazwa ogólna lub geograficzna Kształcenie politechniczne
Określnik ogólny szkolnictwo wyższe
-- organizacja
650 #9 - HASŁO PRZEDMIOTOWE W FORMIE NAZWY OGÓLNEJ LUB JEDNOSTKOWEJ
Nazwa ogólna lub geograficzna Praktyki studenckie
700 1# - HASŁO DODATKOWE - NAZWA OSOBOWA
Nazwa osobowa CHARPAK, Georges.
Określenie związku między hasłem a opisywanym materiałem Przedm.
700 1# - HASŁO DODATKOWE - NAZWA OSOBOWA
Nazwa osobowa LEDERMAN, Leon M.
Określenie związku między hasłem a opisywanym materiałem Przedm.
700 1# - HASŁO DODATKOWE - NAZWA OSOBOWA
Nazwa osobowa TRZASKA, Zdzisław.
Określenie związku między hasłem a opisywanym materiałem Tł.
942 ## - DODATKOWE ELEMENTY (KOHA)
Typ dokumentu Książka
Egzemplarze
Wycofany Status egzemplarza Uszkodzony Dostępność Lokalizacja stała Lokalizacja bieżąca Miejsce przechowywania Sygnatura Kod kreskowy Dział Typ dokumentu
      Tylko na miejscu Biblioteka Politechniki Koszalińskiej Biblioteka Politechniki Koszalińskiej Czytelnia BG 72970 02182063 378 Szkolnictwo wyższe Książka
© 2023 Biblioteka Politechniki Koszalińskiej :: KOHA